[Event "4NCL Online Division 1"]
[Site "online"]
[Date "2021.03.23"]
[EventDate "2021.03.23"]
[Round "5.14"]
[White "Eames, Robert S"]
[WhiteTitle "FM"]
[WhiteElo "2218"]
[WhiteTeam "Blackthorne Russia"]
[Black "Rogacewicz, Mikolaj"]
[BlackElo "2158"]
[BlackTeam "Sussex Social Isolators"]
[Result "0-1"]
[PlyCount "84"]

1. e4 e6 2. d4 d5 3. Nc3 Bb4 4. e5 c5 5. a3 Bxc3+ 6. bxc3 Ne7 7. h4 Qa5 8. Bd2 Nbc6 9. a4 Bd7 10. h5 O-O-O 11. h6 gxh6 12. Rxh6 Nf5 13. Rh3 Rdg8 14. Nf3 h6 15. Nh4 Nxh4 16. Rxh4 c4 17. g3 Nd8 18. Be2 Bxa4 19. Bh5 b5 20. Qc1 Rg5 21. Qa3 Rgg8 22. Qe7 Qc7 23. Qf6 Bxc2 24. Bxh6 a5 25. Bc1 b4 26. cxb4 axb4 27. Ra8+ Kb7 28. Ra2 Bg6 29. Bf3 Rxh4 30. Bxd5+ Nc6 31. Bxc6+ Kxc6 32. gxh4 Bb1 33. d5+ Kb5 34. dxe6 fxe6 35. Qxe6 Rg1+ 36. Ke2 Bxa2 37. Qd5+ Ka4 38. Qa8+ Kb3 39. Bf4 Bb1 40. f3 Qc5 41. Be3 Qxe5 42. Kf2 Qh2# {[W: 0:01:25; B: 0:01:33]} 0-1

[Event "4NCL Online Division 1"]
[Site "online"]
[Date "2021.03.23"]
[EventDate "2021.03.23"]
[Round "5.21"]
[White "Alizada, Eldar"]
[WhiteElo "2084"]
[WhiteTeam "Schach Attack"]
[Black "Chopra, Tanmay"]
[BlackElo "2409"]
[BlackTeam "Harrow 1"]
[Result "1/2-1/2"]
[PlyCount "26"]

1. d4 Nf6 2. c4 e6 3. Nf3 b6 4. a3 Bb7 5. Nc3 g6 6. Qc2 Bxf3 7. exf3 Bg7 8. Bd3 c5 9. Be3 cxd4 10. Bxd4 Nc6 11. Be3 O-O 12. O-O Rc8 13. Qa4 d5 {[W: 0:31:00; B: 0:39:57]} 1/2-1/2

[Event "4NCL Online Division 1"]
[Site "online"]
[Date "2021.03.23"]
[EventDate "2021.03.23"]
[Round "5.22"]
[White "Nettleton, Charlie B"]
[WhiteElo "2212"]
[WhiteTeam "Harrow 1"]
[Black "Handley, Michael R"]
[BlackElo "2082"]
[BlackTeam "Schach Attack"]
[Result "1/2-1/2"]
[PlyCount "102"]

1. b3 e5 2. Bb2 Nc6 3. e3 Nf6 4. Nf3 e4 5. Nd4 Nxd4 6. Bxd4 Be7 7. Bb2 d5 8. Be2 Be6 9. d3 Qd7 10. Nd2 O-O-O 11. d4 Bg4 12. a4 Bxe2 13. Qxe2 Qg4 14. Qxg4+ Nxg4 15. h3 Nh6 16. Ba3 Bh4 17. c4 c6 18. Ke2 Kd7 19. Rhc1 Nf5 20. Ra2 Be7 21. b4 Rc8 22. g4 Nd6 23. cxd5 cxd5 24. Rac2 Rxc2 25. Rxc2 h5 26. b5 hxg4 27. hxg4 Rc8 28. Rxc8 Nxc8 29. Bxe7 Kxe7 30. Nb1 Ke6 31. Nc3 Nd6 32. a5 a6 33. bxa6 bxa6 34. Na4 Nb7 35. f3 exf3+ 36. Kxf3 Nxa5 37. Nc5+ Kd6 38. Nxa6 Nc4 39. Nc5 f6 40. Nd3 g6 41. Nf4 g5 42. Nh5 Nd2+ 43. Kg3 Ne4+ 44. Kf3 Nd2+ 45. Ke2 Ne4 46. Ng7 Ke7 47. Nf5+ Ke6 48. Ng7+ Kf7 49. Nf5 Ke6 50. Ng7+ Kf7 51. Nf5 Ke6 {[W: 0:22:33; B: 0:03:29]} 1/2-1/2

[Event "4NCL Online Division 1"]
[Site "online"]
[Date "2021.03.23"]
[EventDate "2021.03.23"]
[Round "5.23"]
[White "Simmons, Matthew"]
[WhiteTitle "CM"]
[WhiteElo "2141"]
[WhiteTeam "Schach Attack"]
[Black "Coles, Steven F"]
[BlackElo "2008"]
[BlackTeam "Harrow 1"]
[Result "1/2-1/2"]
[PlyCount "103"]

1. e4 c6 2. Nc3 d5 3. Nf3 Bg4 4. h3 Bxf3 5. Qxf3 e6 6. Qg3 Nf6 7. d3 Bb4 8. e5 Nfd7 9. Qxg7 Rf8 10. a3 Qa5 11. Bd2 d4 12. Ne4 Bxd2+ 13. Nxd2 Qxe5+ 14. Qxe5 Nxe5 15. Be2 Nbd7 16. f4 Ng6 17. O-O f5 18. Rae1 O-O-O 19. Nc4 Nb6 20. Nxb6+ axb6 21. Bh5 Rf6 22. Re2 Rg8 23. Kh2 Kd7 24. g3 Ne7 25. Bf3 Nd5 26. Bxd5 cxd5 27. a4 Rfg6 28. Rg2 h5 29. Rfg1 Kd6 30. Ra1 Kc5 31. c3 dxc3 32. bxc3 Ra8 33. Rb2 Ra5 34. Rb4 Rg8 35. Rab1 Ra6 36. d4+ Kc6 37. h4 Rga8 38. Kg2 Kc7 39. a5 bxa5 40. Rxb7+ Kd6 41. Rh7 a4 42. Rbb7 Rc8 43. Ra7 Rxa7 44. Rxa7 Rxc3 45. Rxa4 Rc4 46. Ra6+ Ke7 47. Ra7+ Kf6 48. Rh7 Kg6 49. Re7 Kf6 50. Rh7 Kg6 51. Re7 Kf6 52. Rh7 {[W: 0:07:33; B: 0:09:48]} 1/2-1/2

[Event "4NCL Online Division 1"]
[Site "online"]
[Date "2021.03.23"]
[EventDate "2021.03.23"]
[Round "5.24"]
[White "Chopra, Manmay"]
[WhiteElo "1899"]
[WhiteTeam "Harrow 1"]
[Black "Moyse, Nigel John"]
[BlackElo "1979"]
[BlackTeam "Schach Attack"]
[Result "1-0"]
[PlyCount "95"]

1. e4 d6 2. Nc3 Nf6 3. f4 g6 4. Nf3 Bg7 5. d4 c5 6. dxc5 Qa5 7. e5 Ne4 8. Qd4 Nxc3 9. Qxc3 Qxc3+ 10. bxc3 dxe5 11. Nxe5 a6 12. Bc4 O-O 13. O-O Nd7 14. Nxd7 Bxd7 15. Rf3 Rac8 16. Ba3 Bc6 17. Re3 e6 18. Rd1 Rcd8 19. Rd6 Bf6 20. Bb4 Be7 21. Rxd8 Rxd8 22. Rd3 Kf8 23. Kf2 Ke8 24. g3 Be4 25. Rxd8+ Kxd8 26. Bd3 Bd5 27. a4 Kd7 28. Ke3 Bc6 29. a5 Ba4 30. Be4 Kc7 31. g4 Bc6 32. Bd3 Bh1 33. c6 Bxb4 34. cxb4 Bxc6 35. g5 Kd6 36. Kd4 Ba4 37. c4 Bd7 38. Be4 Bc6 39. Bxc6 Kxc6 40. Ke5 Kd7 41. Kf6 Kd6 42. Kxf7 e5 43. fxe5+ Kxe5 44. Kg7 Kf5 45. h4 Kg4 46. Kxh7 Kxh4 47. Kxg6 Kg4 48. Kf6 {[W: 0:26:21; B: 0:08:59]} 1-0

[Event "4NCL Online Division 1"]
[Site "online"]
[Date "2021.03.23"]
[EventDate "2021.03.23"]
[Round "5.31"]
[White "Godart, Francois"]
[WhiteTitle "IM"]
[WhiteElo "2422"]
[WhiteTeam "Broadland Kestrels"]
[Black "Lock, Gavin R"]
[BlackElo "2208"]
[BlackTeam "Wessex Some Stars A"]
[Result "1-0"]
[PlyCount "85"]

1. e4 e6 2. d4 d5 3. Nd2 c5 4. Ngf3 Nc6 5. exd5 exd5 6. Bb5 Qe7+ 7. Be2 Qc7 8. O-O Nf6 9. Re1 cxd4 10. Nb3 Bb4 11. Bd2 Bxd2 12. Qxd2 O-O 13. Nfxd4 Bd7 14. Nxc6 bxc6 15. c4 Qb6 16. Rad1 Rab8 17. cxd5 cxd5 18. Bf3 Rfd8 19. Qd4 Be6 20. Re2 h6 21. h3 Rdc8 22. Qxb6 Rxb6 23. Nd4 Rc4 24. b3 Rc3 25. Ree1 Ra6 26. a4 Rb6 27. a5 Ra6 28. b4 Bd7 29. Rc1 Rd3 30. Be2 Rxd4 31. Bxa6 Rxb4 32. Rc7 Be6 33. Rxa7 Ra4 34. Bb5 Ra2 35. a6 Ne4 36. Ra8+ Kh7 37. Bd3 g6 38. Bxe4 dxe4 39. a7 Kg7 40. Rc1 e3 41. fxe3 Bd5 42. Rd8 Bxg2 43. Rcc8 {[W: 0:20:03; B: 0:00:33]} 1-0

[Event "4NCL Online Division 1"]
[Site "online"]
[Date "2021.03.23"]
[EventDate "2021.03.23"]
[Round "5.32"]
[White "Pye, David E"]
[WhiteElo "2187"]
[WhiteTeam "Wessex Some Stars A"]
[Black "Polaczek, Richard"]
[BlackTitle "IM"]
[BlackElo "2400"]
[BlackTeam "Broadland Kestrels"]
[Result "1-0"]
[PlyCount "71"]

1. Nc3 d5 2. d4 e6 3. e4 Bb4 4. Qd3 Ne7 5. Ne2 b6 6. Bd2 O-O 7. a3 Bxc3 8. Nxc3 Ba6 9. Qf3 Bxf1 10. Rxf1 Nbc6 11. Be3 Na5 12. exd5 exd5 13. O-O-O Nc4 14. b3 Nxa3 15. Kb2 b5 16. Na2 b4 17. Nxb4 Nb5 18. Na6 Qd6 19. Nc5 a5 20. Qf4 Qc6 21. Ra1 Nc8 22. Bd2 Ncd6 23. Rxa5 Rxa5 24. Bxa5 Rb8 25. Ra1 h6 26. Bb4 Qe8 27. Qe5 Qc6 28. Ra6 Rb6 29. Rxb6 cxb6 30. Na4 f6 31. Qe6+ Kh8 32. Qe7 Nxd4 33. c3 N4f5 34. Qd8+ Kh7 35. g4 Nf7 36. Qxb6 {[W: 0:01:11; B: 0:00:25]} 1-0

[Event "4NCL Online Division 1"]
[Site "online"]
[Date "2021.03.23"]
[EventDate "2021.03.23"]
[Round "5.33"]
[White "Lenaerts, Lennert"]
[WhiteTitle "FM"]
[WhiteElo "2357"]
[WhiteTeam "Broadland Kestrels"]
[Black "Wilson, Jaimie"]
[BlackElo "2158"]
[BlackTeam "Wessex Some Stars A"]
[Result "1/2-1/2"]
[PlyCount "61"]

1. d4 Nf6 2. c4 e6 3. Nc3 Bb4 4. g3 Bxc3+ 5. bxc3 d6 6. Bg2 O-O 7. Nf3 Nc6 8. O-O e5 9. Ba3 Re8 10. c5 e4 11. Ne1 d5 12. Nc2 Na5 13. Ne3 Ng4 14. Nxg4 Bxg4 15. Qc2 Qd7 16. Bc1 Nc4 17. Bf4 e3 18. Bxe3 Nxe3 19. fxe3 Rxe3 20. Rf2 Rae8 21. Bf3 h5 22. Qb3 Bxf3 23. exf3 Qh3 24. Raf1 Re1 25. Qb5 c6 26. Qd3 h4 27. gxh4 R8e3 28. Qd2 Rxf1+ 29. Rxf1 Rxf3 30. Rxf3 Qxf3 31. Qb2 {[W: 0:18:49; B: 0:07:37]} 1/2-1/2

[Event "4NCL Online Division 1"]
[Site "online"]
[Date "2021.03.23"]
[EventDate "2021.03.23"]
[Round "5.34"]
[White "Martinez-Sykora, Antonio"]
[WhiteElo "2155"]
[WhiteTeam "Wessex Some Stars A"]
[Black "Harris, Michael"]
[BlackElo "2248"]
[BlackTeam "Broadland Kestrels"]
[Result "1-0"]
[PlyCount "103"]

1. e4 e6 2. d4 d5 3. Nc3 Nf6 4. Bg5 Be7 5. e5 Nfd7 6. Bxe7 Qxe7 7. f4 O-O 8. Nf3 c5 9. dxc5 Nc6 10. Bd3 f6 11. exf6 Qxf6 12. Qe2 Nxc5 13. g3 Bd7 14. O-O-O Be8 15. Rhe1 Bh5 16. Qf2 Rac8 17. Qxc5 Bxf3 18. Rd2 a5 19. Qd6 Rfe8 20. Qd7 Nb4 21. Bb5 Bh5 22. Re5 Bf7 23. Qxb7 Rb8 24. Qa7 Nxa2+ 25. Nxa2 Rxb5 26. Nc3 Rb4 27. Qxa5 Reb8 28. b3 h6 29. Ne2 g5 30. Qa1 gxf4 31. Nxf4 Re4 32. Nd3 Qf1+ 33. Kb2 Qf6 34. Kc1 Qf1+ 35. Rd1 Qf6 36. Kb1 Bg6 37. Rxe4 Qxa1+ 38. Kxa1 Bxe4 39. Kb2 Kg7 40. Nc5 Bf5 41. g4 Be4 42. Nxe4 dxe4 43. Re1 e5 44. Rxe4 Kf6 45. c4 Rd8 46. Kc3 Rd1 47. c5 Rc1+ 48. Kb4 Rc2 49. Rc4 Ra2 50. c6 Ra8 51. Kc5 Ke6 52. b4 {[W: 0:02:52; B: 0:02:01]} 1-0

[Event "4NCL Online Division 1"]
[Site "online"]
[Date "2021.03.23"]
[EventDate "2021.03.23"]
[Round "5.41"]
[White "Hebden, Mark L"]
[WhiteTitle "GM"]
[WhiteElo "2485"]
[WhiteTeam "Guildford Young Guns"]
[Black "Reznak, Attila"]
[BlackTitle "FM"]
[BlackElo "2266"]
[BlackTeam "Downend 1"]
[Result "1-0"]
[PlyCount "131"]

1. d4 Nf6 2. Nf3 e6 3. Bg5 h6 4. Bh4 c5 5. e3 cxd4 6. exd4 Be7 7. Bd3 O-O 8. O-O b6 9. Re1 Ba6 10. Bxa6 Nxa6 11. a4 d6 12. c3 Nc7 13. Nbd2 a6 14. h3 b5 15. Bg3 Qd7 16. axb5 axb5 17. Qb3 Qc6 18. Nf1 Ncd5 19. Bh2 Rfc8 20. N3d2 Nb6 21. Ne3 Rxa1 22. Rxa1 Nc4 23. Ndxc4 bxc4 24. Qa4 d5 25. Qxc6 Rxc6 26. Ra8+ Bf8 27. Kf1 Rb6 28. Nd1 h5 29. Ke2 g5 30. f3 Kg7 31. Bc7 Rc6 32. Be5 Bd6 33. Bxf6+ Kxf6 34. Kd2 Kg7 35. Kc2 Rb6 36. g4 h4 37. Ne3 Bf4 38. Ng2 Bg3 39. Ra3 Bf2 40. Ra1 f6 41. f4 gxf4 42. Nxf4 Bg3 43. Ne2 Bh2 44. Rh1 Bb8 45. Ng1 f5 46. Nf3 Bg3 47. Rg1 Kf6 48. g5+ Kg6 49. Rg2 Rb8 50. Re2 Rb6 51. Rg2 Ra6 52. Kb1 Ra8 53. Rg1 Kf7 54. Rd1 Rh8 55. Kc2 Rh5 56. Ra1 Bf4 57. Ra7+ Kg6 58. Re7 Bxg5 59. Ne5+ Kh6 60. Rxe6+ Kg7 61. Rg6+ Kh7 62. Rd6 Bf4 63. Rd7+ Kh6 64. Nf3 Bb8 65. Rxd5 Kg6 66. Rc5 {[W: 0:15:10; B: 0:00:21]} 1-0

[Event "4NCL Online Division 1"]
[Site "online"]
[Date "2021.03.23"]
[EventDate "2021.03.23"]
[Round "5.42"]
[White "Thompson, Robert"]
[WhiteElo "2072"]
[WhiteTeam "Downend 1"]
[Black "Suarez Real, Alberto"]
[BlackTitle "IM"]
[BlackElo "2482"]
[BlackTeam "Guildford Young Guns"]
[Result "1-0"]
[PlyCount "85"]

1. Nf3 g6 2. c4 Bg7 3. d4 Nf6 4. g3 O-O 5. Bg2 d6 6. O-O Nbd7 7. Nc3 e5 8. e4 exd4 9. Nxd4 Re8 10. h3 a6 11. Be3 Rb8 12. b3 c5 13. Nde2 Qe7 14. a4 Ne5 15. Rc1 Bd7 16. Re1 Bc6 17. Qc2 Ned7 18. Nf4 b5 19. axb5 axb5 20. Nfd5 Qd8 21. Nxf6+ Qxf6 22. cxb5 Bxb5 23. Nxb5 Rxb5 24. Rcd1 Reb8 25. Qd2 R8b6 26. e5 Qxe5 27. Bf4 Qc3 28. Re8+ Nf8 29. Qxc3 Bxc3 30. Bxd6 Rxd6 31. Rxd6 Rxb3 32. Bd5 Rb1+ 33. Kg2 Re1 34. Rxe1 Bxe1 35. Rf6 Ne6 36. Bxe6 fxe6 37. Rxe6 Bc3 38. Rc6 Bd4 39. Rc7 h5 40. f4 Kf8 41. Kf3 Ke8 42. Ke4 Kd8 43. Rc6 {[W: 0:12:15; B: 0:01:42]} 1-0

[Event "4NCL Online Division 1"]
[Site "online"]
[Date "2021.03.23"]
[EventDate "2021.03.23"]
[Round "5.43"]
[White "Grieve, Harry"]
[WhiteTitle "FM"]
[WhiteElo "2284"]
[WhiteTeam "Guildford Young Guns"]
[Black "Meek, Stephen J"]
[BlackElo "1965"]
[BlackTeam "Downend 1"]
[Result "0-1"]
[PlyCount "48"]

1. e4 c6 2. d4 d5 3. e5 c5 4. dxc5 e6 5. a3 Bxc5 6. Qg4 Ne7 7. Nf3 Nbc6 8. b4 Bb6 9. Bd3 Ng6 10. Bb2 Bd7 11. O-O Rc8 12. Nbd2 Bc7 13. Rfe1 O-O 14. Qh5 Nce7 15. c4 h6 16. Qg4 dxc4 17. Nxc4 Ba4 18. Nd4 Qd7 19. h4 b5 20. Nd6 Nxe5 21. Rxe5 Bxd6 22. Bxb5 Bxb5 23. Rxb5 Rc4 24. Qf4 Bxf4 {[W: 0:00:16; B: 0:19:51]} 0-1

[Event "4NCL Online Division 1"]
[Site "online"]
[Date "2021.03.23"]
[EventDate "2021.03.23"]
[Round "5.44"]
[White "Stubbs, Oliver"]
[WhiteElo "2036"]
[WhiteTeam "Downend 1"]
[Black "Kalaiyalahan, Akshaya"]
[BlackTitle "FM"]
[BlackElo "2218"]
[BlackTeam "Guildford Young Guns"]
[Result "1/2-1/2"]
[PlyCount "165"]

1. d4 Nf6 2. Nf3 g6 3. Bf4 Bg7 4. e3 O-O 5. h3 d6 6. Be2 Nbd7 7. O-O c5 8. c4 b6 9. Nc3 Bb7 10. d5 Ne8 11. e4 Nc7 12. Qd2 Ne5 13. Nxe5 dxe5 14. Bg5 Ne8 15. Bd3 Nd6 16. Rae1 Qd7 17. a4 a6 18. b3 Bc8 19. Bh6 Bxh6 20. Qxh6 f6 21. Qe3 Nf7 22. a5 Qb7 23. axb6 Qxb6 24. Bc2 Bd7 25. Ra1 Rfc8 26. Ra2 Rc7 27. Rfa1 Kg7 28. Ne2 Qd6 29. Nc1 Bc8 30. Nd3 Bb7 31. Ra5 Rac8 32. Bd1 h5 33. h4 Nh6 34. Qg3 Kh7 35. Qe3 Kg7 36. b4 cxb4 37. c5 Qd8 38. Nxb4 Rb8 39. c6 Bc8 40. Nxa6 Bxa6 41. Rxa6 Nf7 42. Ra7 Rbc8 43. Be2 Nd6 44. Bd3 Ne8 45. Qc5 Qd6 46. Qxd6 Nxd6 47. f3 Kf7 48. Kf2 Ke8 49. Ke3 Kd8 50. Rxc7 Rxc7 51. Ra8+ Rc8 52. Rxc8+ Kxc8 53. g4 Kc7 54. gxh5 gxh5 55. f4 Ne8 56. Be2 Ng7 57. fxe5 fxe5 58. Kd3 Kd6 59. Kc4 e6 60. Kb5 exd5 61. exd5 Nf5 62. Kb6 Kxd5 63. Bxh5 Kd6 64. Kb7 Ne7 65. c7 e4 66. Bg4 Ke5 67. h5 Kf6 68. Be2 e3 69. Ka6 Ke6 70. h6 Kf6 71. Kb5 Kg6 72. Kc5 Kxh6 73. Kd6 Nc8+ 74. Kd7 Nb6+ 75. Kc6 Nc8 76. Ba6 Kg7 77. Kd7 Nb6+ 78. Kc6 Nc8 79. Kd7 Nb6+ 80. Ke7 Nd5+ 81. Kd6 Nxc7 82. Kxc7 e2 83. Bxe2 {[W: 0:01:23; B: 0:03:15]} 1/2-1/2

[Event "4NCL Online Division 1"]
[Site "online"]
[Date "2021.03.23"]
[EventDate "2021.03.23"]
[Round "5.51"]
[White "Howell, Oliver W"]
[WhiteElo "2017"]
[WhiteTeam "Sussex Starlings"]
[Black "Talsma, Paul"]
[BlackElo "2272"]
[BlackTeam "Anglia Avengers 1"]
[Result "1/2-1/2"]
[PlyCount "43"]

1. Nf3 d5 2. d4 Nf6 3. Bg5 Ne4 4. Bf4 c5 5. e3 Qb6 6. Nc3 Qa5 7. Be2 Nxc3 8. Qd2 cxd4 9. exd4 Nc6 10. Qxc3 Qxc3+ 11. bxc3 e6 12. O-O Na5 13. Bc7 b6 14. Ne5 Bd7 15. Ba6 f6 16. Nxd7 Kxd7 17. Bg3 Bd6 18. f4 g6 19. Rf3 Ke7 20. Re1 Rhd8 21. Rfe3 Kf7 22. Bh4 {[W: 0:08:20; B: 0:08:57]} 1/2-1/2

[Event "4NCL Online Division 1"]
[Site "online"]
[Date "2021.03.23"]
[EventDate "2021.03.23"]
[Round "5.52"]
[White "Lewis, Andrew P"]
[WhiteTitle "FM"]
[WhiteElo "2305"]
[WhiteTeam "Anglia Avengers 1"]
[Black "Salmons, Calum"]
[BlackElo "2048"]
[BlackTeam "Sussex Starlings"]
[Result "1/2-1/2"]
[PlyCount "39"]

1. c4 c5 2. g3 g6 3. Bg2 Bg7 4. Nc3 Nc6 5. Nf3 e6 6. d4 Nxd4 7. Nxd4 cxd4 8. Ne4 Qc7 9. c5 Ne7 10. Nd6+ Kf8 11. b4 Nf5 12. Nxf5 gxf5 13. Bb2 e5 14. e3 dxe3 15. O-O Ke7 16. Rc1 Rd8 17. b5 d6 18. cxd6+ Qxd6 19. Qxd6+ Kxd6 20. fxe3 {[W: 0:04:23; B: 0:07:09]} 1/2-1/2

[Event "4NCL Online Division 1"]
[Site "online"]
[Date "2021.03.23"]
[EventDate "2021.03.23"]
[Round "5.53"]
[White "Bennet-Stevens, Lucy"]
[WhiteElo "2002"]
[WhiteTeam "Sussex Starlings"]
[Black "Bui, Kyan"]
[BlackElo "2062"]
[BlackTeam "Anglia Avengers 1"]
[Result "0-1"]
[PlyCount "62"]

1. e4 c6 2. c4 d5 3. cxd5 cxd5 4. exd5 Nf6 5. Nc3 Nxd5 6. d4 Nc6 7. Nf3 Bf5 8. Bc4 e6 9. a3 Be7 10. O-O O-O 11. Re1 Rc8 12. Nxd5 exd5 13. Bd3 Qd7 14. b4 Bf6 15. Bb2 Rfe8 16. Ne5 Bxe5 17. dxe5 Ne7 18. Bxf5 Nxf5 19. Qg4 Rc4 20. f4 Qe6 21. Rac1 Rec8 22. Rxc4 Rxc4 23. Rc1 Qb6+ 24. Kh1 Qf2 25. Rg1 Rxf4 26. Qg5 h6 27. Qd8+ Kh7 28. Bc1 Rh4 29. h3 Ng3+ 30. Kh2 Ne2 31. Rd1 Rxh3+ {[W: 0:00:24; B: 0:05:02]} 0-1

[Event "4NCL Online Division 1"]
[Site "online"]
[Date "2021.03.23"]
[EventDate "2021.03.23"]
[Round "5.54"]
[White "Goldberg, Jeff A"]
[WhiteElo "2060"]
[WhiteTeam "Anglia Avengers 1"]
[Black "Sutton, Daniel"]
[BlackElo "2007"]
[BlackTeam "Sussex Starlings"]
[Result "1/2-1/2"]
[PlyCount "65"]

1. Nf3 Nf6 2. c4 g6 3. Nc3 d5 4. Qa4+ c6 5. cxd5 Nxd5 6. Nxd5 Qxd5 7. e4 Qd8 8. d4 Bg7 9. Be3 O-O 10. Be2 Nd7 11. O-O Nf6 12. Nd2 Ng4 13. Bxg4 Bxg4 14. f3 Be6 15. Rfd1 Qb6 16. Nc4 Bxc4 17. Qxc4 Rad8 18. Qc3 Rd7 19. Rd2 Rfd8 20. Rad1 c5 21. Qxc5 Qxc5 22. dxc5 Rxd2 23. Rxd2 Rxd2 24. Bxd2 Bxb2 25. Be3 a6 26. Kf2 Kf8 27. Ke2 Ke8 28. Kd3 Kd7 29. Kc4 Kc6 30. g4 e6 31. h3 h5 32. Bf2 Ba3 33. Be3 {[W: 0:16:42; B: 0:32:54]} 1/2-1/2

[Event "4NCL Online Division 1"]
[Site "online"]
[Date "2021.03.23"]
[EventDate "2021.03.23"]
[Round "5.61"]
[White "Mitchell, Martin"]
[WhiteElo "2235"]
[WhiteTeam "Spirit of Atticus A"]
[Black "Villiers, Thomas"]
[BlackTitle "CM"]
[BlackElo "2338"]
[BlackTeam "Mushrooms 1"]
[Result "1/2-1/2"]
[PlyCount "86"]

1. d4 Nf6 2. c4 e6 3. Nc3 d5 4. Nf3 Be7 5. Bf4 O-O 6. e3 c5 7. dxc5 Qa5 8. a3 dxc4 9. Bxc4 Qxc5 10. Qe2 a6 11. e4 b5 12. Ba2 Bb7 13. e5 Nd5 14. Nxd5 Bxd5 15. Rc1 Qxc1+ 16. Bxc1 Bxa2 17. O-O Nc6 18. Qe4 Bd5 19. Qg4 Bxf3 20. Qxf3 Nxe5 21. Qe4 Bf6 22. g4 Nc4 23. b3 Na5 24. Qb4 Nc6 25. Qf4 Nd4 26. Kg2 Nxb3 27. g5 Bd4 28. Rd1 e5 29. Qf3 Nxc1 30. Rxc1 a5 31. Rc7 b4 32. Rxf7 bxa3 33. Rxf8+ Rxf8 34. Qd5+ Kh8 35. f4 a2 36. Qxa2 exf4 37. Kf3 Bc3 38. h4 g6 39. Qe6 Bg7 40. Qd5 Bc3 41. Qc5 Bb4 42. Qd4+ Kg8 43. Qd5+ Kg7 {[W: 0:02:57; B: 0:14:41]} 1/2-1/2

[Event "4NCL Online Division 1"]
[Site "online"]
[Date "2021.03.23"]
[EventDate "2021.03.23"]
[Round "5.62"]
[White "Wilks, Simon"]
[WhiteElo "2150"]
[WhiteTeam "Mushrooms 1"]
[Black "Carleton, John J"]
[BlackElo "2126"]
[BlackTeam "Spirit of Atticus A"]
[Result "1/2-1/2"]
[PlyCount "77"]

1. e4 c6 2. Nc3 d5 3. d4 dxe4 4. Nxe4 Nf6 5. Nxf6+ exf6 6. c3 Bd6 7. Bd3 O-O 8. Qc2 Re8+ 9. Ne2 h5 10. Be3 Nd7 11. Ng3 h4 12. Nf5 Bf4 13. O-O-O Bxe3+ 14. fxe3 Nf8 15. Qf2 Bxf5 16. Bxf5 g6 17. Bc2 f5 18. Rhf1 Qg5 19. Rde1 Re7 20. Kb1 Rae8 21. e4 fxe4 22. Rxe4 f5 23. Rxe7 Rxe7 24. Bb3+ Kg7 25. d5 cxd5 26. Bxd5 b6 27. h3 Qe3 28. Qxe3 Rxe3 29. Rf4 Re5 30. Bf3 g5 31. Ra4 a5 32. Rc4 Rc5 33. Rd4 Re5 34. a4 Kf6 35. Rd6+ Re6 36. Rd5 Re5 37. Rd6+ Re6 38. Rd5 Re5 39. Rd6+ {[W: 0:03:27; B: 0:01:07]} 1/2-1/2

[Event "4NCL Online Division 1"]
[Site "online"]
[Date "2021.03.23"]
[EventDate "2021.03.23"]
[Round "5.63"]
[White "Ackley, Peter J E"]
[WhiteElo "2073"]
[WhiteTeam "Spirit of Atticus A"]
[Black "Wilson, David Jn."]
[BlackElo "2018"]
[BlackTeam "Mushrooms 1"]
[Result "1/2-1/2"]
[PlyCount "108"]

1. c4 e6 2. g3 Nf6 3. Nf3 b6 4. Bg2 Bb7 5. O-O Be7 6. b3 O-O 7. Bb2 d5 8. e3 Nbd7 9. Nc3 Rc8 10. cxd5 Nxd5 11. Nxd5 Bxd5 12. d4 Bf6 13. Qe2 c5 14. e4 Ba8 15. e5 Be7 16. Rfd1 Qc7 17. Rac1 Rfd8 18. dxc5 bxc5 19. Nd2 Bxg2 20. Kxg2 Nb6 21. Nc4 Rd5 22. Ne3 Rxd1 23. Rxd1 Rd8 24. Rd2 Kf8 25. Qd1 Qc6+ 26. Kg1 Rxd2 27. Qxd2 Qe4 28. Qc2 Qxc2 29. Nxc2 c4 30. bxc4 Nxc4 31. Bd4 a5 32. Kf1 a4 33. Ke2 f6 34. exf6 gxf6 35. Kd3 Nd6 36. Bc5 e5 37. Bxd6 Bxd6 38. Kc4 Ke7 39. a3 Ke6 40. Kb5 Kd5 41. f3 Bc5 42. Kxa4 Bg1 43. h3 h5 44. Kb5 Bf2 45. g4 hxg4 46. hxg4 e4 47. fxe4+ Kxe4 48. Kc4 Kf4 49. Kd3 Kxg4 50. Ke2 Bb6 51. Nb4 f5 52. a4 f4 53. Nc6 Kg3 54. Kf1 f3 {[W: 0:03:11; B: 0:20:55]} 1/2-1/2

[Event "4NCL Online Division 1"]
[Site "online"]
[Date "2021.03.23"]
[EventDate "2021.03.23"]
[Round "5.64"]
[White "Scott, David A"]
[WhiteElo "2004"]
[WhiteTeam "Mushrooms 1"]
[Black "Ellames, Roy"]
[BlackElo "2041"]
[BlackTeam "Spirit of Atticus A"]
[Result "1-0"]
[PlyCount "83"]

1. d4 Nf6 2. Nf3 g6 3. g3 Bg7 4. Bg2 d5 5. O-O O-O 6. c4 c6 7. b3 dxc4 8. bxc4 c5 9. Bb2 Qb6 10. Qc1 cxd4 11. Nxd4 Bd7 12. Nd2 Nc6 13. e3 Rac8 14. Nxc6 Bxc6 15. Bd4 Qa6 16. Bh3 Bd7 17. Bg2 b5 18. c5 Bc6 19. Bh3 Rcd8 20. Qb2 Nh5 21. Nb3 Rfe8 22. Bxg7 Nxg7 23. Rfd1 Bf3 24. Rxd8 Rxd8 25. Nd4 Bc6 26. Nxc6 Qxc6 27. Rc1 Ne6 28. Bg2 Qa6 29. c6 Qa5 30. Bf3 a6 31. Kg2 Qc7 32. Qc2 Rd6 33. Rd1 Ng5 34. Rxd6 exd6 35. Bd5 Ne6 36. Qe4 Kf8 37. h4 Qe7 38. Bxe6 fxe6 39. Qd4 Qc7 40. Qh8+ Ke7 41. Qg7+ Kd8 42. Qf8# {[W: 0:02:57; B: 0:03:08]} 1-0

[Event "4NCL Online Division 1"]
[Site "online"]
[Date "2021.03.23"]
[EventDate "2021.03.23"]
[Round "5.71"]
[White "Piper, Matthew S"]
[WhiteElo "2350"]
[WhiteTeam "CSC 1"]
[Black "Karumazondo, Ernest"]
[BlackElo "2194"]
[BlackTeam "Watford 1"]
[Result "1/2-1/2"]
[PlyCount "123"]

1. c4 e5 2. g3 Nf6 3. Bg2 d5 4. cxd5 Nxd5 5. Nc3 Nxc3 6. bxc3 Bd6 7. Nf3 O-O 8. O-O Re8 9. Rb1 e4 10. Nd4 Nd7 11. f3 exf3 12. Bxf3 Ne5 13. Bg2 Bc5 14. e3 c6 15. Nb3 Qd3 16. Nxc5 Qxb1 17. d4 Bg4 18. Qd2 Nc4 19. Qf2 Re7 20. Be4 Qb6 21. Qf4 Bh3 22. Rf2 Qc7 23. Qh4 Rxe4 24. Nxe4 Be6 25. Ng5 h6 26. Nxe6 fxe6 27. e4 Rf8 28. Bf4 Qf7 29. Qg4 e5 30. dxe5 Nxe5 31. Qe2 Ng6 32. Bd6 Qxf2+ 33. Qxf2 Rxf2 34. Kxf2 Kf7 35. Ke3 Ke6 36. Bb8 a6 37. Kd4 Ne7 38. Kc5 Nc8 39. a4 Kd7 40. Be5 g6 41. a5 Ke6 42. Bc7 h5 43. h3 Kd7 44. Bf4 Ke6 45. g4 hxg4 46. hxg4 Kd7 47. c4 Ke6 48. e5 Kd7 49. Bg5 Ke6 50. Bf6 Kd7 51. Kd4 Ke6 52. Bg5 b6 53. axb6 Nxb6 54. Bd8 c5+ 55. Kxc5 Nd7+ 56. Kb4 Nxe5 57. Kc5 Nxg4 58. Kb6 Ne5 59. c5 a5 60. Bc7 Nd7+ 61. Kb5 Nxc5 62. Kxc5 {[W: 0:01:24; B: 0:00:36]} 1/2-1/2

[Event "4NCL Online Division 1"]
[Site "online"]
[Date "2021.03.23"]
[EventDate "2021.03.23"]
[Round "5.72"]
[White "Holland, Edward N"]
[WhiteElo "2212"]
[WhiteTeam "Watford 1"]
[Black "Finn, Peter"]
[BlackElo "2151"]
[BlackTeam "CSC 1"]
[Result "0-1"]
[PlyCount "66"]

1. e4 c5 2. Nf3 Nc6 3. d4 cxd4 4. Nxd4 e6 5. Nc3 Nf6 6. Ndb5 d6 7. Bf4 e5 8. Bg5 a6 9. Na3 b5 10. Nd5 Be7 11. Bxf6 Bxf6 12. c3 Bg5 13. Be2 O-O 14. Nc2 Rb8 15. a4 bxa4 16. Ra2 f5 17. exf5 Bxf5 18. O-O Be6 19. Bf3 Ne7 20. Nxe7+ Qxe7 21. Bd5 Qf7 22. Bxe6 Qxe6 23. Qa1 Qb3 24. Nb4 a5 25. Ra3 Qc4 26. Nc2 Qe2 27. Qb1 Rb3 28. Rxa4 Rfb8 29. Na3 Rxb2 30. Qf5 h6 31. Nc4 Rc2 32. Nxd6 Qxf1+ 33. Kxf1 Rb1# {[W: 0:00:56; B: 0:01:31]} 0-1